000 00494nam a2200169Ia 4500
008 230917s9999||||xx |||||||||||||| ||und||
020 _cRS1295
040 _e249768
_aMAIN
041 _aEnglish
082 _a658.4083 D537G
100 _aDhingra, Ishwar C
245 0 _aGreen economy: Oppercunities and challenges International perspective
260 _aNew Delhi
_bManakin Press
_c2018
300 _axiv, 434 p.
500 _a3392 02/01/2019 RK18/1437 03/09/2018 Main Budget
942 _cBK
999 _c29776
_d29776